| 000 | 00924nam a2200277 i 4500 | ||
|---|---|---|---|
| 001 | 129639 | ||
| 003 | ES-MaACL | ||
| 005 | 20250830062807.0 | ||
| 007 | t| | ||
| 008 | 070627s1965 sp ||||1| spa d | ||
| 080 | _a27-675 | ||
| 100 | 1 |
_aThils, Gustave. _9109967 |
|
| 245 | 1 | 0 |
_aHistoria doctrinal del movimiento ecuménico / _cGustave Thils ; [traducción de Luis Alvarez del Vayo y Manuel Morera]. |
| 260 |
_aMadrid : _bRialp, _c1965. |
||
| 300 |
_aXIII, 435 p. ; _c23 cm. |
||
| 490 | 1 |
_aBiblioteca de Teología ; _v4 |
|
| 500 | _aÍndice. | ||
| 594 | _aTít. original: Histoire doctrinale du mouvement oecuménique. | ||
| 650 | 1 | 4 |
_aEcumenismo. _912045 |
| 700 | 0 |
_aÁlvarez del Vayo, Luis _920792 |
|
| 700 | 1 |
_aMorera, Manuel. _983459 |
|
| 830 | 0 | 0 |
_aBiblioteca de teología _v4 _9183765 |
| 852 |
_aES-MaACL _jC-27620 _bR.56290 |
||
| 852 |
_aES-MaACL _jE-13753 _xOlim P-316-Ter |
||
| 999 |
_c129639 _d129639 |
||